| 000 | 00907nam a22001817a 4500 | ||
|---|---|---|---|
| 008 | 100623t xxu||||| |||| 00| 0 eng d | ||
| 082 |
_222 _a210.96 _bن ق ى |
||
| 100 |
_915089 _aالنقيرة, محمد عبدالله عبدالله محمد |
||
| 245 |
_aالتأثير الإسلامى فى السودان الغربى : _bغربى إفريقية / _cمحمد عبدالله عبدالله محمد النقيرة |
||
| 260 |
_a[الرياض]: _bمطابع الفرزدق التجارية , _c1988. |
||
| 300 |
_a307 ص؛ _c20 سم. |
||
| 500 | _aDonations. | ||
| 500 | _aDonated By: Alaa Abdel Ghaney. | ||
| 650 |
_915145 _aالإسلام - إفريقيا |
||
| 650 |
_915151 _aالإسلام - السودان |
||
| 942 |
_2ddc _cBB |
||
| 999 |
_c14195 _d14195 |
||